Normal view
MARC view
- Verebes, Tom .
Entry Personal Name
001 - CONTROL NUMBER
- control field: 120749
003 - CONTROL NUMBER IDENTIFIER
- control field: NUST
005 - DATE AND TIME OF LATEST TRANSACTION
- control field: 20240220101222.0
008 - FIXED-LENGTH DATA ELEMENTS
- fixed length control field: 240220|| aca||aabn | a|a d
040 ## - CATALOGING SOURCE
- Original cataloging agency: NUST
- Transcribing agency: NUST
100 ## - HEADING--PERSONAL NAME
- Personal name: Verebes, Tom .
- Numeration: [Editor]
670 ## - SOURCE DATA FOUND
- Source citation: Work cat.: (NUST): Mass-customised cities., 2015
